00534nam a2200157 a 450000100100000000500170001000800410002704000250006808200130009311000580010624500230016426000330018730000280022095201110024899900170035900004285020201002040438.0140211s1971 dr a 000 0 spa d aDO-SdBNPbspacBNPHU axxxbxxx2 aCorporación Dominicana de Empresas Estatales95595610aMemoria 1966-1970. aSanto Domingo,cCordec1971. a337 p. :bil. ;c28 cm. 0010718PDaGRbGRcCTd2014-02-11iLF1l0oxxx xxxp42850-10r2020-06-25w2020-06-25yLFPDZNo se presta c42339d42339